Getafe CF Squad 2018-2019 - Statistics

General Stats
  • This quiz has been taken 22 times
  • The average score is 18 of 27
Answer Stats
# Position Nation Player % Correct
2 DF Togo Djené
100%
9 FW Spain Ángel Rodríguez
89%
22 DF Uruguay Damián Suárez
89%
13 GK Spain David Soria
89%
7 FW Spain Jaime Mata
89%
- Coach Spain José Bordalás
89%
6 DF Uruguay Leandro Cabrera
89%
1 GK Argentina Leandro Chichizola
89%
18 MF Uruguay Mauro Arambarri
89%
20 MF Serbia Nemanja Maksimović
89%
3 DF Portugal Vitorino Antunes
89%
10 MF Japan Gaku Shibasaki
78%
19 FW Spain Jorge Molina
78%
17 DF Uruguay Mathías Olivera
78%
26 FW Senegal Amath Ndiaye
67%
24 DF France Dimitri Foulquier
67%
8 FW Spain Javier Portillo
67%
4 DF Spain Bruno González
56%
5 MF Spain Markel Bergara
56%
16 MF France Mathieu Flamini
44%
23 FW Spain Iván Alejo
33%
25 GK Spain Rubén Yáñez
33%
11 MF Spain Samu Saiz
33%
21 DF Spain Ignasi Miquel
22%
17 FW Spain Rober Ibáñez
22%
15 MF Uruguay Sebastián Cristóforo
22%
14 FW Spain Sergi Guardiola
22%
No matching quizzes found
Score Distribution
Percent of People with Each Score
Percentile by Number Answered
Your Score History
You have not taken this quiz